A természetvédelmi területekre vonatkozó speciális földjogi szabályok
Elmentve itt :
| Szerző: | |
|---|---|
| További közreműködők: | |
| Dokumentumtípus: | Szakdolgozat |
| Megjelent: |
1998
|
| Tárgyszavak: | |
| Online Access: | http://diploma.bibl.u-szeged.hu/24813 |
| LEADER | 00578nta a2200157 i 4500 | ||
|---|---|---|---|
| 001 | dipl24813 | ||
| 005 | 20130314082949.0 | ||
| 008 | 111118s1998 hu om 0|| zxx d | ||
| 040 | |a SZTE Diploma Repozitórium |b hun | ||
| 041 | |a zxx | ||
| 100 | 1 | |a Futó Sándor | |
| 245 | 1 | 2 | |a A természetvédelmi területekre vonatkozó speciális földjogi szabályok |h [elektronikus dokumentum] / |c Sándor Futó |
| 260 | |c 1998 | ||
| 650 | 4 | |a Jogi és igazgatási tanulmányok | |
| 700 | 1 | |a Bobvos Pál |e ths | |
| 856 | 4 | 0 | |u http://diploma.bibl.u-szeged.hu/id/eprint/24813/1/1998_futo_sandor.pdf |z Dokumentum-elérés |